[Event "HUN-chT2 Barcza 1011"]
[Site "Hungary"]
[Date "2010.11.21"]
[Round "6.3"]
[White "Gal, Tamas"]
[Black "Balogh, Sandor"]
[Result "1-0"]
[WhiteElo "2108"]
[BlackElo "2193"]
[PlyCount "140"]
[EventDate "2010.09.12"]
[EventType "team-tourn"]
[EventRounds "11"]
[EventCountry "HUN"]
[SourceTitle "EXT 2012"]
[Source "ChessBase"]
[SourceDate "2011.11.24"]
[SourceVersion "1"]
[SourceVersionDate "2011.11.24"]
[SourceQuality "1"]
[WhiteTeam "Piremon"]
[BlackTeam "Debrecen Betu"]
[WhiteTeamCountry "HUN"]
[BlackTeamCountry "HUN"]

1. d4 Nf6 2. c4 e6 3. Nc3 d5 4. Bg5 h6 5. Bxf6 Qxf6 6. e3 c6 7. Nf3 Nd7 8. Qc2 g6 9. Bd3 Bg7 10. 0-0 0-0 11. Rac1 a6 12. Rfd1 Qe7 13. a3 b5 14. cxd5 cxd5 15. Nd2 Bb7 16. b4 e5 17. Nb3 e4 18. Be2 Nb6 19. Nc5 Bc6 20. a4 Nc4 21. Nxa6 bxa4 22. Bxc4 dxc4 23. Nc5 Rfb8 24. Rb1 a3 25. b5 a2 26. Nxa2 Bxb5 27. Nc3 Bc6 28. N3xe4 Rd8 29. Ng3 h5 30. Qxc4 h4 31. Ne2 h3 32. g3 Bf3 33. Re1 Rac8 34. Nf4 Be4 35. Rbc1 Ba8 36. Qf1 Bh6 37. Nxh3 Rxc5 38. Rxc5 Qe4 39. f3 Bxe3+ 40. Kg2 Qxd4 41. Rc2 Qa4 42. Qe2 Kg7 43. Ra2 Bxf3+ 44. Kxf3 Qc6+ 45. Kxe3 Re8+ 46. Kf2 Qc5+ 47. Kf1 Rxe2 48. Raxe2 Qh5 49. Kg2 Qd5+ 50. Kg1 Qa5 51. Rf1 Qb6+ 52. Ref2 Qc5 53. Nf4 Qe3 54. Ne2 g5 55. h3 f6 56. Kh2 f5 57. Ng1 f4 58. gxf4 gxf4 59. Rxf4 Qe5 60. R1f3 Kh6 61. Rf2 Kh7 62. Ne2 Kh6 63. Ng3 Kh7 64. h4 Kh6 65. Rf6+ Kg7 66. Rf7+ Kg8 67. R7f5 Qd6 68. R2f4 Qd1 69. Kh3 Qd7 70. Rg4+ Kh7 1-0

[Event "HUN-chT2 Barcza 1011"]
[Site "Hungary"]
[Date "2010.10.10"]
[Round "3.4"]
[White "Balogh, Sandor"]
[Black "Nagy, Kalman"]
[Result "1-0"]
[WhiteElo "2193"]
[BlackElo "2099"]
[PlyCount "135"]
[EventDate "2010.09.12"]
[EventType "team-tourn"]
[EventRounds "11"]
[EventCountry "HUN"]
[SourceTitle "EXT 2012"]
[Source "ChessBase"]
[SourceDate "2011.11.24"]
[SourceVersion "1"]
[SourceVersionDate "2011.11.24"]
[SourceQuality "1"]
[WhiteTeam "Debrecen Betu"]
[BlackTeam "Sajoszentpeter"]
[WhiteTeamCountry "HUN"]
[BlackTeamCountry "HUN"]

1. e4 e5 2. Nf3 Nc6 3. d4 exd4 4. c3 d5 5. exd5 Qxd5 6. cxd4 Bg4 7. Be2 Nf6 8. Nc3 Bb4 9. h3 Bh5 10. 0-0 Bxc3 11. bxc3 0-0 12. Rb1 Rab8 13. c4 Qd7 14. d5 Bxf3 15. Bxf3 Ne5 16. Be2 Rfe8 17. Bb2 b6 18. Qc2 Qd6 19. Rfe1 c6 20. Rbd1 cxd5 21. cxd5 Rbc8 22. Qb3 Ned7 23. Bf3 Rxe1+ 24. Rxe1 h6 25. g3 Nc5 26. Qc2 Re8 27. Rxe8+ Nxe8 28. Qf5 Nd7 29. Kg2 Nef6 30. a3 g6 31. Qd3 Ne5 32. Bxe5 Qxe5 33. d6 Nd7 34. Bc6 Qe6 35. Bxd7 Qxd7 36. Qd5 Kg7 37. Kg1 Kf6 38. g4 Kg7 39. f4 f6 40. Kg2 Qf7 41. Qd3 Qd7 42. Kg3 b5 43. Qd5 a5 44. f5 gxf5 45. gxf5 b4 46. axb4 axb4 47. Qc5 b3 48. Qc7 Qxc7 49. dxc7 b2 50. c8Q b1Q 51. Qd7+ Kf8 52. Qd6+ Kg7 53. Qe7+ Kg8 54. Qe8+ Kg7 55. Qg6+ Kf8 56. Qxh6+ Ke8 57. Qg6+ Kd7 58. Qf7+ Kc8 59. Qe6+ Kc7 60. Qxf6 Qe1+ 61. Kg4 Qe4+ 62. Kg5 Qe3+ 63. Kg6 Qxh3 64. Qe7+ Kc8 65. Qf8+ Kd7 66. Qg7+ Kd8 67. Qg8+ Kd7 68. Qh7+ 1-0

[Event "HUN-chT2 Barcza 1011"]
[Site "Hungary"]
[Date "2010.09.12"]
[Round "1.3"]
[White "Barabas, Tibor"]
[Black "Balogh, Sandor"]
[Result "1/2-1/2"]
[WhiteElo "2097"]
[BlackElo "2193"]
[PlyCount "52"]
[EventDate "2010.09.12"]
[EventType "team-tourn"]
[EventRounds "11"]
[EventCountry "HUN"]
[SourceTitle "EXT 2012"]
[Source "ChessBase"]
[SourceDate "2011.11.24"]
[SourceVersion "1"]
[SourceVersionDate "2011.11.24"]
[SourceQuality "1"]
[WhiteTeam "Mezokovesd"]
[BlackTeam "Debrecen Betu"]
[WhiteTeamCountry "HUN"]
[BlackTeamCountry "HUN"]

1. e4 c5 2. Nf3 Nc6 3. c3 e6 4. d4 d5 5. exd5 exd5 6. dxc5 Bxc5 7. Bd3 Nf6 8. 0-0 0-0 9. Bg5 Bg4 10. h3 Bh5 11. Nbd2 Bg6 12. Bxg6 hxg6 13. Nb3 Bb6 14. Nbd4 Qd6 15. Nb5 Qd7 16. Bxf6 gxf6 17. Nbd4 Kg7 18. Qd2 Rh8 19. Nxc6 bxc6 20. c4 Rh5 21. Rad1 Rah8 22. Qf4 Rf5 23. Qd2 Rfh5 24. Qf4 Rf5 25. Qd2 Rfh5 26. Qf4 Rf5 1/2-1/2

[Event "HUN-chT2 Barcza 0910"]
[Site "Hungary"]
[Date "2010.05.02"]
[Round "11.4"]
[White "Balogh, Sandor"]
[Black "Kelemen, Imre"]
[Result "1-0"]
[WhiteElo "2193"]
[BlackElo "2092"]
[PlyCount "120"]
[EventDate "2009.11.08"]
[EventType "team-tourn"]
[EventRounds "11"]
[EventCountry "HUN"]
[SourceTitle "EXT 2011"]
[Source "ChessBase"]
[SourceDate "2010.11.26"]
[SourceVersion "1"]
[SourceVersionDate "2010.11.26"]
[SourceQuality "1"]
[WhiteTeam "Debrecen Betu"]
[BlackTeam "Debrecen Sakkbaratok"]
[WhiteTeamCountry "HUN"]
[BlackTeamCountry "HUN"]

1. e4 e5 2. Nf3 Nf6 3. Nxe5 d6 4. Nf3 Nxe4 5. d4 d5 6. Bd3 Bd6 7. 0-0 0-0 8. c4 c6 9. Nc3 Nxc3 10. bxc3 dxc4 11. Bxc4 Bf5 12. Re1 Nd7 13. Bg5 Qc7 14. Nh4 Bg6 15. Nxg6 hxg6 16. Be7 Bxe7 17. Rxe7 Qd6 18. Qe2 b5 19. Bb3 Nb6 20. Qe5 Qxe5 21. Rxe5 Rfe8 22. Rae1 Kf8 23. Kf1 a5 24. a3 Nd7 25. Rxe8+ Rxe8 26. Rxe8+ Kxe8 27. Ke2 Ke7 28. Kd3 c5 29. Bd1 Kd6 30. c4 b4 31. axb4 axb4 32. Ba4 Nf8 33. d5 g5 34. Ke4 Ng6 35. Bb3 Ne5 36. h3 g6 37. g3 f5+ 38. Ke3 g4 39. h4 Nf3 40. Bd1 Nd4 41. Kd3 Ke5 42. Ba4 Nf3 43. Bd1 Nd4 44. Ba4 Kf6 45. Be8 Nf3 46. Bb5 g5 47. h5 Ne5+ 48. Ke2 f4 49. d6 Nf7 50. d7 Ke7 51. Ba4 Nh6 52. Kd2 Nf5 53. Kd3 Kd8 54. Ke4 fxg3 55. h6 Nxh6 56. fxg3 Nf7 57. Kf5 b3 58. Ke6 b2 59. Bc2 Nh6 60. Bb1 Ng8 1-0

[Event "HUN-chT2 Barcza 0910"]
[Site "Hungary"]
[Date "2010.03.21"]
[Round "8.4"]
[White "Mozer, Sandor"]
[Black "Balogh, Sandor"]
[Result "1-0"]
[WhiteElo "2014"]
[BlackElo "2193"]
[PlyCount "65"]
[EventDate "2009.11.08"]
[EventType "team-tourn"]
[EventRounds "11"]
[EventCountry "HUN"]
[SourceTitle "EXT 2011"]
[Source "ChessBase"]
[SourceDate "2010.11.26"]
[SourceVersion "1"]
[SourceVersionDate "2010.11.26"]
[SourceQuality "1"]
[WhiteTeam "Nyiregyhaza"]
[BlackTeam "Debrecen Betu"]
[WhiteTeamCountry "HUN"]
[BlackTeamCountry "HUN"]

1. e4 c5 2. Nc3 Nc6 3. g3 g6 4. Bg2 Bg7 5. d3 e6 6. Be3 Nd4 7. Qd2 Qa5 8. f4 d6 9. Nf3 Ne7 10. 0-0 Nec6 11. Ne1 Bd7 12. Nd1 Qxd2 13. Bxd2 f5 14. c3 Nb5 15. Ne3 Nc7 16. Nf3 b5 17. Rac1 fxe4 18. dxe4 a5 19. Rfd1 Ke7 20. Be1 Rhf8 21. Bf2 e5 22. f5 gxf5 23. exf5 Bh6 24. g4 Bxe3 25. Bxe3 Rg8 26. Bg5+ Rxg5 27. Nxg5 Rg8 28. Nxh7 Rxg4 29. f6+ Kf7 30. Rxd6 Bf5 31. Rxc6 Ne6 32. Rd1 Bxh7 33. Rd7+ 1-0

[Event "HUN-chT2 Barcza 0809"]
[Site "Hungary"]
[Date "2009.02.08"]
[Round "7.1"]
[White "Forgacs, Jozsef"]
[Black "Balogh, Sandor"]
[Result "1/2-1/2"]
[WhiteElo "2262"]
[BlackElo "2194"]
[PlyCount "21"]
[EventDate "2008.10.26"]
[EventType "team-tourn"]
[EventRounds "11"]
[EventCountry "HUN"]
[SourceTitle "EXT 2010"]
[Source "ChessBase"]
[SourceDate "2010.11.25"]
[SourceVersion "1"]
[SourceVersionDate "2010.11.25"]
[SourceQuality "1"]
[WhiteTeam "DEAC"]
[BlackTeam "Debrecen Betu"]
[WhiteTeamCountry "HUN"]
[BlackTeamCountry "HUN"]

1. Nf3 Nf6 2. c4 e6 3. g3 d5 4. b3 c5 5. Bg2 Nc6 6. cxd5 exd5 7. 0-0 Be7 8. Bb2 0-0 9. d4 b6 10. Nc3 Bb7 11. Rc1 1/2-1/2

[Event "HUN-chT2 Barcza 0708"]
[Site "Hungary"]
[Date "2008.03.30"]
[Round "9"]
[White "Balogh, Sandor"]
[Black "Sallai, Janos"]
[Result "1/2-1/2"]
[WhiteElo "2192"]
[BlackElo "2074"]
[PlyCount "26"]
[EventDate "2007.10.14"]
[EventType "team"]
[EventRounds "11"]
[EventCountry "HUN"]
[SourceTitle "EXT 2009"]
[Source "ChessBase"]
[SourceDate "2008.11.26"]
[SourceVersion "1"]
[SourceVersionDate "2008.11.26"]
[SourceQuality "1"]
[WhiteTeam "Debrecen Betu"]
[BlackTeam "Mezokovesd"]
[WhiteTeamCountry "HUN"]
[BlackTeamCountry "HUN"]

1. e4 c5 2. Nf3 g6 3. c3 d5 4. exd5 Qxd5 5. d4 cxd4 6. cxd4 Bg7 7. Nc3 Qa5 8. Bc4 Nf6 9. Ne5 e6 10. 0-0 0-0 11. Bd2 Qb6 12. Be3 Qa5 13. Qb3 Nc6 1/2-1/2

[Event "HUN-chT2 Barcza 0708"]
[Site "Hungary"]
[Date "2008.03.02"]
[Round "7"]
[White "Balogh, Sandor"]
[Black "Bartha, Laszlo"]
[Result "1-0"]
[WhiteElo "2192"]
[BlackElo "2086"]
[PlyCount "57"]
[EventDate "2007.10.14"]
[EventType "team"]
[EventRounds "11"]
[EventCountry "HUN"]
[SourceTitle "EXT 2009"]
[Source "ChessBase"]
[SourceDate "2008.11.26"]
[SourceVersion "1"]
[SourceVersionDate "2008.11.26"]
[SourceQuality "1"]
[WhiteTeam "Debrecen Betu"]
[BlackTeam "Tiszavasvar"]
[WhiteTeamCountry "HUN"]
[BlackTeamCountry "HUN"]

1. e4 c5 2. c3 d5 3. exd5 Qxd5 4. d4 Nf6 5. Nf3 Nc6 6. Be2 cxd4 7. cxd4 e6 8. Nc3 Qd8 9. 0-0 Be7 10. Bf4 0-0 11. Rc1 Nd5 12. Bg3 f5 13. Be5 a6 14. Bc4 Nb6 15. Bb3 Nd5 16. a3 g5 17. Bxd5 exd5 18. Qb3 g4 19. Nd2 Be6 20. Qxb7 Nxe5 21. dxe5 Bg5 22. Rcd1 d4 23. Na4 Rb8 24. Qxa6 Bd5 25. b4 Bf4 26. Rfe1 Ra8 27. Qb5 Rxa4 28. Qxa4 Qh4 29. Nf1 1-0

[Event "HUN-chT2 Barcza 0506"]
[Site "Hungary"]
[Date "2005.11.27"]
[Round "4"]
[White "Sallai, Janos"]
[Black "Balogh, Sandor"]
[Result "1/2-1/2"]
[WhiteElo "2050"]
[BlackElo "2170"]
[PlyCount "22"]
[EventDate "2005.10.16"]
[EventType "team"]
[EventRounds "11"]
[EventCountry "HUN"]
[SourceTitle "EXT 2009"]
[Source "ChessBase"]
[SourceDate "2008.11.26"]
[SourceVersion "1"]
[SourceVersionDate "2008.11.26"]
[SourceQuality "1"]
[WhiteTeam "Mezokovesd"]
[BlackTeam "Debrecen Betu"]
[WhiteTeamCountry "HUN"]
[BlackTeamCountry "HUN"]

1. e4 c5 2. Nf3 Nc6 3. Bb5 Nf6 4. Qe2 g6 5. c3 Bg7 6. 0-0 0-0 7. d4 cxd4 8. cxd4 d5 9. e5 Ne8 10. h3 Qb6 11. Rd1 Nc7 1/2-1/2

[Event "HUN-chT2 Barcza 0304"]
[Site "Hungary"]
[Date "2003.09.28"]
[Round "1"]
[White "Egri, Laszlo"]
[Black "Balogh, Sandor"]
[Result "1/2-1/2"]
[WhiteElo "2188"]
[BlackElo "2177"]
[PlyCount "26"]
[EventDate "2003.08.29"]
[EventType "team"]
[EventRounds "11"]
[EventCountry "HUN"]
[SourceTitle "EXT 2009"]
[Source "ChessBase"]
[SourceDate "2008.11.26"]
[SourceVersion "1"]
[SourceVersionDate "2008.11.26"]
[SourceQuality "1"]
[WhiteTeam "Piremon II"]
[BlackTeam "Debrecen Betu"]
[WhiteTeamCountry "HUN"]
[BlackTeamCountry "HUN"]

1. e4 c5 2. c3 d5 3. exd5 Qxd5 4. d4 Nc6 5. Nf3 Bg4 6. Be2 cxd4 7. cxd4 e6 8. 0-0 Nf6 9. h3 Bh5 10. Nc3 Qa5 11. a3 Be7 12. Be3 0-0 13. Qb3 Rab8 1/2-1/2

[Event "HUN-chT2 Barcza 0203"]
[Site "Hungary"]
[Date "2003.04.13"]
[Round "11"]
[White "Kovacs, Robert"]
[Black "Balogh, Sandor"]
[Result "1/2-1/2"]
[WhiteElo "2166"]
[BlackElo "2154"]
[PlyCount "62"]
[EventDate "2002.09.22"]
[EventType "team"]
[EventRounds "11"]
[EventCountry "HUN"]
[SourceTitle "EXT 2009"]
[Source "ChessBase"]
[SourceDate "2008.11.26"]
[SourceVersion "1"]
[SourceVersionDate "2008.11.26"]
[SourceQuality "1"]

1. d4 d5 2. Nf3 e6 3. c4 c6 4. Nc3 Nd7 5. cxd5 exd5 6. Bg5 Ngf6 7. e3 Be7 8. Bd3 Ne4 9. Bxe7 Qxe7 10. Qc2 f5 11. 0-0 0-0 12. Rae1 b6 13. Nd2 Bb7 14. f3 Nxd2 15. Qxd2 Qd6 16. Qf2 Rae8 17. a3 Bc8 18. Qg3 Qf6 19. b4 b5 20. Qf2 Qd6 21. Rc1 Re7 22. Rfe1 Nb6 23. g3 Bd7 24. Qa2 Qf6 25. Nd1 Qg5 26. Kf2 Qf6 27. Qb2 Na4 28. Qd2 Rfe8 29. Bc2 Qh6 30. Kg1 Nb6 31. Bb3 Nc4 1/2-1/2

[Event "HUN-chT2 Barcza 0203"]
[Site "Hungary"]
[Date "2003.03.02"]
[Round "8"]
[White "Balogh, Sandor"]
[Black "Molnar, Balazs"]
[Result "1/2-1/2"]
[WhiteElo "2154"]
[BlackElo "2169"]
[PlyCount "20"]
[EventDate "2002.09.22"]
[EventType "team"]
[EventRounds "11"]
[EventCountry "HUN"]
[SourceTitle "EXT 2009"]
[Source "ChessBase"]
[SourceDate "2008.11.26"]
[SourceVersion "1"]
[SourceVersionDate "2008.11.26"]
[SourceQuality "1"]

1. e4 e6 2. d3 d5 3. Nd2 c5 4. Ngf3 Nc6 5. g3 g6 6. Bg2 Bg7 7. 0-0 Nge7 8. Re1 0-0 9. c3 b6 10. Qc2 Qc7 1/2-1/2

[Event "HUN-chT2 Barcza 0203"]
[Site "Hungary"]
[Date "2003.02.02"]
[Round "6"]
[White "Balogh, Sandor"]
[Black "Acs, Gabor"]
[Result "1-0"]
[WhiteElo "2154"]
[BlackElo "2206"]
[PlyCount "62"]
[EventDate "2002.09.22"]
[EventType "team"]
[EventRounds "11"]
[EventCountry "HUN"]
[SourceTitle "EXT 2009"]
[Source "ChessBase"]
[SourceDate "2008.11.26"]
[SourceVersion "1"]
[SourceVersionDate "2008.11.26"]
[SourceQuality "1"]

1. Nf3 d5 2. c4 e6 3. e3 Nf6 4. Nc3 c6 5. d4 Bd6 6. Bd3 Nbd7 7. cxd5 exd5 8. Qc2 0-0 9. g4 g6 10. Rg1 Re8 11. Bd2 Nf8 12. h3 Qe7 13. 0-0-0 Ne4 14. Be1 a5 15. Bxe4 dxe4 16. Nd2 f5 17. gxf5 Bxf5 18. f3 Kh8 19. fxe4 Bxh3 20. Nf3 Be6 21. Bh4 Qg7 22. Rdf1 Nd7 23. Ng5 Bc4 24. Ne2 Bg8 25. e5 Be7 26. Nf4 Nf8 27. Rh1 c5 28. Kb1 cxd4 29. exd4 Ra6 30. Qf2 Bd8 31. Ne4 Qf7 1-0

[Event "HUN-chT3 0102"]
[Site "Hungary"]
[Date "2002.01.27"]
[Round "6.1"]
[White "Balogh, Sandor"]
[Black "Papp Zoltan, Csaba"]
[Result "1/2-1/2"]
[WhiteElo "2255"]
[BlackElo "2209"]
[PlyCount "27"]
[EventDate "2001.09.30"]
[EventType "team"]
[EventRounds "11"]
[EventCountry "HUN"]
[SourceTitle "EXT 2004"]
[Source "ChessBase"]
[SourceDate "2003.11.25"]
[SourceVersion "1"]
[SourceVersionDate "2003.11.25"]
[SourceQuality "1"]

1. e4 c5 2. Nf3 d6 3. d4 cxd4 4. Nxd4 Nf6 5. Nc3 a6 6. Bc4 e6 7. Bb3 Qc7 8. Be3 b5 9. f3 Nc6 10. a4 b4 11. Nce2 Be7 12. Nxc6 Qxc6 13. Qd2 0-0 14. Qxb4 1/2-1/2

[Event "Nyiregyhaza op"]
[Site "Nyiregyhaza"]
[Date "2001.07.12"]
[Round "6"]
[White "Balogh, Sandor"]
[Black "Kiss, Balazs"]
[Result "1-0"]
[WhiteElo "2209"]
[BlackElo "2065"]
[PlyCount "49"]
[EventDate "2001.07.07"]
[EventType "swiss"]
[EventRounds "9"]
[EventCountry "HUN"]
[SourceTitle "EXT 2008"]
[Source "ChessBase"]
[SourceDate "2007.11.25"]
[SourceVersion "1"]
[SourceVersionDate "2007.11.25"]
[SourceQuality "1"]

1. e4 e5 2. Nf3 Nc6 3. d4 exd4 4. c3 d5 5. exd5 Qxd5 6. cxd4 Nf6 7. Nc3 Bb4 8. Be2 Ne4 9. Bd2 Bxc3 10. bxc3 0-0 11. 0-0 Nxd2 12. Qxd2 Bf5 13. Rfe1 Rfe8 14. Qf4 Qd7 15. Bb5 Bg6 16. Ne5 Qd6 17. Nxg6 hxg6 18. Qf3 a6 19. Ba4 b5 20. Bb3 Rxe1+ 21. Rxe1 Rf8 22. Re8 Qf6 23. Qe2 Na5 24. Qe5 Qc6 25. Bxf7+ 1-0

[Event "Nyiregyhaza op"]
[Site "Nyiregyhaza"]
[Date "2001.07.10"]
[Round "4"]
[White "Balogh, Sandor"]
[Black "Bartha, Laszlo"]
[Result "1/2-1/2"]
[WhiteElo "2209"]
[BlackElo "2092"]
[PlyCount "84"]
[EventDate "2001.07.07"]
[EventType "swiss"]
[EventRounds "9"]
[EventCountry "HUN"]
[SourceTitle "EXT 2008"]
[Source "ChessBase"]
[SourceDate "2007.11.25"]
[SourceVersion "1"]
[SourceVersionDate "2007.11.25"]
[SourceQuality "1"]

1. e4 c5 2. c3 e6 3. Nf3 a6 4. d4 d5 5. e5 Nc6 6. Bd3 Qb6 7. 0-0 cxd4 8. cxd4 Bd7 9. Be2 Nge7 10. Na3 Ng6 11. Nc2 Be7 12. Rb1 Rc8 13. b4 Qc7 14. Bd3 Na7 15. Na3 b5 16. Bd2 0-0 17. h4 f5 18. exf6 gxf6 19. g3 e5 20. h5 Nh8 21. Qb3 Qd6 22. Nh4 Nf7 23. Nf5 Bxf5 24. Bxf5 Nc6 25. Nc2 Rcd8 26. Rfe1 Kh8 27. Rbd1 Rg8 28. a3 Bf8 29. Be3 Nh6 30. dxe5 fxe5 31. Be4 d4 32. Bxh6 Bxh6 33. Bxc6 Qxc6 34. Rxe5 Bg7 35. Re6 Rd6 36. h6 Bf6 37. Rde1 d3 38. Rxd6 Qxd6 39. Ne3 Rxg3+ 40. fxg3 Qxg3+ 41. Kf1 Qf3+ 42. Kg1 Qg3+ 1/2-1/2

[Event "Alfoeld Cup op"]
[Site "Hajduszoboszlo"]
[Date "2001.06.20"]
[Round "5"]
[White "Balogh, Sandor"]
[Black "Cioara, Andrei Nestor"]
[Result "0-1"]
[WhiteElo "2209"]
[BlackElo "2404"]
[PlyCount "116"]
[EventDate "2001.06.16"]
[EventType "swiss"]
[EventRounds "9"]
[EventCountry "HUN"]
[SourceTitle "EXT 2004"]
[Source "ChessBase"]
[SourceDate "2003.11.25"]
[SourceVersion "1"]
[SourceVersionDate "2003.11.25"]
[SourceQuality "1"]

1. e4 e6 2. d3 d5 3. Nd2 Nf6 4. Ngf3 Be7 5. g3 c5 6. Bg2 Nc6 7. 0-0 0-0 8. Re1 b5 9. e5 Nd7 10. h4 a5 11. Nf1 b4 12. Bf4 a4 13. a3 Ba6 14. axb4 cxb4 15. Rxa4 b3 16. d4 Nb6 17. Ra1 bxc2 18. Qxc2 Nb4 19. Qb1 Bd3 20. Rxa8 Qxa8 21. Qa1 Qb7 22. Ne3 Ra8 23. Qd1 Na4 24. Qb3 Qb5 25. Ra1 Ra6 26. Ne1 Be2 27. Rc1 Rc6 28. Ra1 Ra6 29. Rc1 Nc6 30. Qxb5 Bxb5 31. b3 Nb2 32. N3c2 Rb6 33. Be3 h5 34. Ra1 Nd3 35. Bf1 Nxe1 36. Nxe1 Bxf1 37. Kxf1 Rxb3 38. Nf3 Kh7 39. Rc1 Rb6 40. Kg2 Kg6 41. Nd2 Ba3 42. Rd1 Bb2 43. Rb1 Rb4 44. Nf3 Bc3 45. Rxb4 Bxb4 46. Kf1 f6 47. exf6 gxf6 48. Ke2 Kf5 49. Nh2 Bd6 50. Nf1 Kg4 51. f3+ Kh3 52. Bf2 Ne7 53. f4 Nf5 54. Kf3 Bb4 55. Ke2 Kg2 56. Ne3+ Nxe3 57. Kxe3 f5 58. Ke2 Bc3 0-1

[Event "Alfoeld Cup op"]
[Site "Hajduszoboszlo"]
[Date "2001.06.18"]
[Round "3"]
[White "Forgacs, Jozsef"]
[Black "Balogh, Sandor"]
[Result "1-0"]
[WhiteElo "2358"]
[BlackElo "2209"]
[PlyCount "101"]
[EventDate "2001.06.16"]
[EventType "swiss"]
[EventRounds "9"]
[EventCountry "HUN"]
[SourceTitle "EXT 2004"]
[Source "ChessBase"]
[SourceDate "2003.11.25"]
[SourceVersion "1"]
[SourceVersionDate "2003.11.25"]
[SourceQuality "1"]

1. d4 Nf6 2. c4 g6 3. Nc3 d5 4. Nf3 Bg7 5. cxd5 Nxd5 6. e4 Nxc3 7. bxc3 0-0 8. Be2 c5 9. 0-0 cxd4 10. cxd4 Nc6 11. Be3 Bg4 12. d5 Bxf3 13. Bxf3 Ne5 14. Be2 Qa5 15. Qb3 b6 16. Rac1 Rfc8 17. a4 Nd7 18. Qb5 Qxb5 19. Bxb5 Ne5 20. h3 Rxc1 21. Rxc1 a6 22. Be2 Nd7 23. Rc7 Nf6 24. f3 b5 25. axb5 axb5 26. Bxb5 Ra1+ 27. Bf1 h6 28. Rxe7 Nh5 29. Re8+ Kh7 30. Kf2 Ra2+ 31. Be2 Bf6 32. g3 Nxg3 33. Kxg3 Rxe2 34. Bg1 g5 35. f4 Re1 36. Bf2 gxf4+ 37. Kxf4 Rf1 38. Ke3 Rd1 39. Ke2 Rh1 40. d6 Rh2 41. d7 Rxh3 42. d8Q Bxd8 43. Rxd8 h5 44. Rd3 Rh1 45. Rg3 Rb1 46. Kf3 Rc1 47. Rg5 Rc3+ 48. Be3 h4 49. Rh5+ Kg6 50. Rh6+ Kg7 51. Rxh4 1-0

[Event "HUN-chT3 0001"]
[Site "Hungary"]
[Date "2001.04.22"]
[Round "11.1"]
[White "Balogh, Sandor"]
[Black "Rat, Dan Ovidiu"]
[Result "0-1"]
[WhiteElo "2250"]
[BlackElo "2366"]
[PlyCount "72"]
[EventDate "2000.10.29"]
[EventType "team"]
[EventRounds "11"]
[EventCountry "HUN"]
[SourceTitle "EXT 2007"]
[Source "ChessBase"]
[SourceDate "2006.11.23"]
[SourceVersion "1"]
[SourceVersionDate "2006.11.23"]
[SourceQuality "1"]

1. e4 d6 2. d4 Nf6 3. Nc3 Nbd7 4. Nf3 e5 5. dxe5 dxe5 6. Bc4 Bb4 7. 0-0 0-0 8. Nd5 Nxd5 9. Bxd5 c6 10. Bb3 Qc7 11. Ng5 h6 12. Nxf7 Rxf7 13. f4 Nf8 14. f5 a5 15. a3 Bc5+ 16. Kh1 b6 17. Qg4 Be6 18. Bxh6 Bxb3 19. cxb3 Nh7 20. Rae1 Rd8 21. Bc1 Rd3 22. h4 Qd8 23. h5 Qf6 24. Rf3 Rfd7 25. Kh2 Rd1 26. Rff1 Rxe1 27. Rxe1 Rd3 28. Rf1 Kh8 29. g3 Be7 30. Qe2 Qd6 31. Qg4 Rxb3 32. h6 gxh6 33. f6 Nxf6 34. Qg6 Ng8 35. Qf7 a4 36. Rf5 Qd1 0-1

[Event "HUN-chT3 0001"]
[Site "Hungary"]
[Date "2001.04.08"]
[Round "10.1"]
[White "Dani, Peter"]
[Black "Balogh, Sandor"]
[Result "1-0"]
[WhiteElo "2125"]
[BlackElo "2250"]
[PlyCount "33"]
[EventDate "2000.10.29"]
[EventType "team"]
[EventRounds "11"]
[EventCountry "HUN"]
[SourceTitle "EXT 2007"]
[Source "ChessBase"]
[SourceDate "2006.11.23"]
[SourceVersion "1"]
[SourceVersionDate "2006.11.23"]
[SourceQuality "1"]

1. e4 c5 2. Nf3 Nc6 3. d4 cxd4 4. Nxd4 Nf6 5. Nc3 e5 6. Ndb5 d6 7. Bg5 a6 8. Na3 b5 9. Bxf6 gxf6 10. Nd5 f5 11. Bd3 Be6 12. Qh5 Bg7 13. 0-0 f4 14. Kh1 0-0 15. g4 fxg3 16. Rg1 gxf2 17. Qh6 1-0

[Event "HUN-chT3 0001"]
[Site "Hungary"]
[Date "2001.03.04"]
[Round "8.1"]
[White "Szilagyi, Zsolt"]
[Black "Balogh, Sandor"]
[Result "1-0"]
[WhiteElo "2177"]
[BlackElo "2250"]
[PlyCount "145"]
[EventDate "2000.10.29"]
[EventType "team"]
[EventRounds "11"]
[EventCountry "HUN"]
[SourceTitle "EXT 2007"]
[Source "ChessBase"]
[SourceDate "2006.11.23"]
[SourceVersion "1"]
[SourceVersionDate "2006.11.23"]
[SourceQuality "1"]

1. e4 c5 2. Nf3 Nc6 3. d4 cxd4 4. Nxd4 Nf6 5. Nc3 e5 6. Ndb5 d6 7. Bg5 a6 8. Na3 b5 9. Nd5 Be7 10. Bxf6 Bxf6 11. c3 0-0 12. Nc2 Bg5 13. a4 bxa4 14. Rxa4 a5 15. Bc4 Rb8 16. b3 Kh8 17. Nce3 g6 18. 0-0 f5 19. Qd3 f4 20. Nc2 f3 21. g3 h5 22. Nde3 h4 23. g4 h3 24. Kh1 Bh4 25. Nf5 gxf5 26. gxf5 Ne7 27. Qxf3 Rxf5 28. Qg4 Bxf2 29. Qxh3+ Kg7 30. Qg2+ Kh6 31. Rxf2 Rg5 32. Qf1 Ng6 33. Rf6 Qb6 34. Qc1 Qd8 35. Rf2 Bg4 36. Ne3 Nf4 37. Nd5 Nxd5 38. h4 Nf4 39. Rxf4 exf4 40. Qxf4 Kh5 41. Bf7+ Kh6 42. Rd4 Bf3+ 43. Kh2 Kg7 44. hxg5 Qe7 45. Qxf3 Qxf7 46. Qxf7+ Kxf7 47. Rxd6 Rxb3 48. Rc6 Rb5 49. g6+ Kg7 50. Kg3 a4 51. Ra6 Rc5 52. c4 Rxc4 53. Kf4 Rc1 54. Rxa4 Kxg6 55. Ke5 Kf7 56. Ra7+ Kf8 57. Kd6 Rb1 58. Ra8+ Kf7 59. Ra7+ Ke8 60. Ra6 Kf7 61. Ra7+ Ke8 62. e5 Rb6+ 63. Kd5 Rb1 64. Ke6 Rb6+ 65. Kf5 Rb1 66. Kf6 Kd8 67. Ra8+ Kc7 68. Ke7 Re1 69. e6 Kc6 70. Ra6+ Kb7 71. Ra2 Kc6 72. Rc2+ Kd5 73. Kd7 1-0